00817nam a2200169 i 4500001000700000003000900007005001700016007000300033008004100036100001900077245026300096260005400359300002900413505015100442650003200593852002200625111438ES-MaACL20230906185312.0t|160824s1883 sp r ||||1| spa d1 aRode, Enrique.13aEl moderno Ollendorff inglés intuitivo ó Método teórico-práctico para aprender con facilidad y perfección la lengua inglesa, por medio de una combinación enteramente desconocida : bpara uso de los españoles y americanos / cpor Enrique Rode. aMadrid : b[s.n.], c1883 (fImp. de J. García) a277, 9, 43 p. ; c23 cm.8 aContiene:Tratado de lectura y traducción, p. 9 ; Clave de los ejercicios del moderno Ollendorff inglés intuitivo, p. 43, con portadilla propia04aLengua inglesa-vMétodos. aES-MaACLjG-15218